| 000 | 00488nam a22001817a 4500 | ||
|---|---|---|---|
| 003 | CEME | ||
| 005 | 20210628210647.0 | ||
| 008 | 210211b xxu||||| |||| 00| 0 eng d | ||
| 020 | _a0-89006-890-9 | ||
| 040 | _c. | ||
| 082 | _a621.388 RIL | ||
| 100 |
_aRichardson, Iain E.G Riley, Martyn.J _980390 |
||
| 245 | _aDigital video communications | ||
| 260 |
_aBOSTAN _bARTECH HOUSE _c1997 |
||
| 300 | _a220P | ||
| 650 |
_aDIGITAL TELEVISION VIDEO COMMUNICATIONS _980391 |
||
| 942 |
_cBK _2ddc |
||
| 999 |
_c585336 _d585336 |
||